1492 1564 1588 1470 1377 1777 1227 1979 1567 1192 1376 1204 1824 1111 1960 1821 1679 1610 1571 1950 1617 1697 1033 1681 1966 1902 1468 1977 1370 1596 1322 1781 1802 1268 1471 1320 1944 1932 1694 1578 1484 1000 1585 1243 1064 1284 1256 1388 1456 1430 1874 1013 1768 1794 1557 1120 1851 1994 1097 1389 1076 1548 1738 1390 1592 1120 1570 1283 1078 1800 1448 1677 1040 1734 1908 1299 1796 1316 1783 1728 1526 1841 1982 1434 1200 1697 1153 1948 1043 1331 1805 1935 1478 1133 1957 1637 1709 1578 1601 BCNSPRNW ULIB Ver.6.0+V

เปลี่ยนเป็นภาษาไทย

Change to English
 แสดงรายละเอียดบรรณานุกรม
  กลับหน้าหลัก

Brief Record : Get Marc (ISO 2709) : E-mail record : QR code < ปิดหน้าต่าง
LEADER : 00000nam 2200000uu 4500
001    13399110855
003     ULIB
008    110610s2553||||th 000 0 tha d
020    9789747423389
060  4 WY16^bว528ป 2553
100 0  วิจิตรา กุสุมภ์
245 00 ประเด็นและแนวโน้มวิชาชีพการพยาบาล =^bTrends & issue of nursing profession./^cวิจิตรา กุสุมภ์ และคณะ
246 0  Trends & issue of nursing profession
250    พิมพ์ครั้งที่ 1
260    กรุงเทพฯ^bสหประชาพาณิชย์,^c2553
300    363 หน้า
650  7 การพยาบาล^xแนวโน้ม
650  7 วิชาชีพการพยาบาล
700 0  วิจิตรา กุสุมภ์
945    ^p250^l0^i18096
945    ^p250^l0^i17723
995    เกษร
999    ^aใช้งานได้ทุกระบบ
รายการนี้ยังไม่มีแท็ก
คุณยังไม่ได้ล็อกอิน คุณสามารถมีกิจกรรมร่วมกับเว็บไซต์ได้ แต่ต้องล็อกอินก่อน ::
  ล็อกอิน

รายการสื่อสารสนเทศ

ลำดับที่ ประเภท เลขเรียก/บาร์โค้ด สถานที่ สถานะ
1. วิทยาศาสตร์การแพทย์ และสุขภาพ
หนังสือสำรอง
สถานะ=หนังสือสำรอง
WY16 ว528ป 2553 ฉ.1 
  Barcode: 17723
ห้องสมุดวิทยาเขตนครสวรรค์
►ส่วนจัดเก็บหนังสือเก่า นว.
บนชั้น
  ขอยืม
2. วิทยาศาสตร์การแพทย์ และสุขภาพ
วิทยาศาสตร์การแพทย์ และสุขภาพ
WY16 ว528ป 2553 ฉ.2 
  Barcode: 18096
ห้องสมุดวิทยาเขตนครสวรรค์
►ส่วนจัดเก็บหนังสือเก่า นว.
บนชั้น
  ขอยืม

รายการใกล้เคียง
    ผู้แต่ง [วิจิตรา กุสุมภ์]

    หัวเรื่อง [วิชาชีพการพยาบาล]

BibComment


ยังไม่เคยถูกคอมเมนท์

คอมเมนท์ทรัพยากรรายการนี้
  คอมเมนท์: ประเด็นและแนวโน้ม..


 Copyright 2026. Bcnsprnw @Library